[Event "Aktiv-Alliancen 2001"]
[Site "Taastrup"]
[Date "2001.01.19"]
[Round "1"]
[White "Lund, Silas"]
[Black "Foslund, Peter"]
[Result "1-0"]
[WhiteElo "2261"]
[BlackElo "1649"]
[PlyCount "75"]
[EventDate "2001.??.??"]

1. c4 c5 2. Nf3 Nc6 3. Nc3 Nf6 4. d4 cxd4 5. Nxd4 Nxd4 6. Qxd4 g6 7. e4 Bg7 8.
e5 Ng8 9. Bf4 d6 10. O-O-O a6 11. c5 Be6 12. cxd6 exd6 13. Qxd6 Qxd6 14. Rxd6
Bh6 15. Bxh6 Nxh6 16. Rb6 Ra7 17. Be2 O-O 18. Rd1 Kg7 19. h3 Rc8 20. a4 Ng8 21.
Bf3 Ne7 22. Rxb7 Rc7 23. Rxa7 Rxa7 24. Rd8 h5 25. Ra8 Rxa8 26. Bxa8 Bb3 27. a5
g5 28. Ne4 g4 29. hxg4 hxg4 30. Nc5 Bc4 31. Bb7 Kg6 32. Nxa6 Bxa6 33. Bxa6 Nc6
34. Bd3+ f5 35. a6 Na7 36. b4 Nc8 37. Bb5 f4 38. Bd7 1-0

[Event "Aktiv-Alliancen 2001"]
[Site "Taastrup"]
[Date "2001.01.19"]
[Round "1"]
[White "Theander, Stig"]
[Black "Nilsson, Nils Specht"]
[Result "1/2-1/2"]
[WhiteElo "1564"]
[BlackElo "2214"]
[PlyCount "62"]
[EventDate "2001.??.??"]

1. e4 g6 2. d4 Bg7 3. Nf3 d6 4. Bg5 Nf6 5. Nc3 O-O 6. Qd2 c6 7. Be2 d5 8. Bd3
Nbd7 9. e5 Ne8 10. Bh6 f6 11. h4 fxe5 12. Bxg7 Nxg7 13. Qh6 Rxf3 14. gxf3 exd4
15. h5 dxc3 16. hxg6 Nf6 17. O-O-O Nf5 18. gxh7+ Kh8 19. Qg5 cxb2+ 20. Kb1 Ng7
21. Rdg1 Nfe8 22. Re1 Nf6 23. Rhg1 Qf8 24. Re5 Bd7 25. Qe3 e6 26. Reg5 Nfe8 27.
Qe5 Qe7 28. Bg6 Nf6 29. Qg3 Rf8 30. Bd3 Rf7 31. Bg6 Rf8 1/2-1/2

[Event "Aktiv-Alliancen 2001"]
[Site "Taastrup"]
[Date "2001.01.19"]
[Round "1"]
[White "Nielsen, Borge Hjerrild"]
[Black "Thomsen, Viggo"]
[Result "1-0"]
[WhiteElo "2125"]
[BlackElo "1537"]
[PlyCount "41"]
[EventDate "2001.??.??"]

1. d4 d5 2. c4 Nf6 3. cxd5 Nxd5 4. Nf3 Bg4 5. Ne5 Nf6 6. Nxg4 Nxg4 7. e4 Nf6 8.
Nc3 e6 9. Be2 Be7 10. Bf3 c6 11. O-O O-O 12. Be3 Nbd7 13. Qe2 Nb6 14. Rfd1 Qc7
15. Rac1 a6 16. g3 Rfd8 17. Bf4 Qc8 18. Qc2 Bb4 19. Qb3 c5 20. a3 Bxc3 21. Rxc3
1-0

[Event "Aktiv-Alliancen 2001"]
[Site "Taastrup"]
[Date "2001.01.19"]
[Round "1"]
[White "Holst, Thorsten"]
[Black "Pallesen, Jacob"]
[Result "0-1"]
[WhiteElo "1535"]
[BlackElo "2108"]
[PlyCount "72"]
[EventDate "2001.??.??"]

1. e4 c5 2. Nf3 e6 3. Nc3 Nc6 4. d4 cxd4 5. Nxd4 Qc7 6. Be2 a6 7. O-O Nf6 8.
Bg5 Bd6 9. h3 Be5 10. Be3 b5 11. f4 Bxd4 12. Bxd4 Nxd4 13. Qxd4 Bb7 14. a4 bxa4
15. Rxa4 O-O 16. Rc4 Qb8 17. Bd3 Bc6 18. Rb4 Qa7 19. e5 a5 20. Nb5 Qxd4+ 21.
Rxd4 Nd5 22. Nd6 a4 23. f5 Rab8 24. c4 Ne3 25. Rf2 Nd1 26. Rff4 Rxb2 27. Be4
Nc3 28. Rf2 a3 29. fxe6 fxe6 30. Bxh7+ Kxh7 31. Rh4+ Kg6 32. Rxf8 Rxg2+ 33. Kf1
a2 34. Rh6+ Kxh6 35. Nf7+ Kg6 36. Nh8+ Kh7 0-1

[Event "Aktiv-Alliancen 2001"]
[Site "Taastrup"]
[Date "2001.01.19"]
[Round "1"]
[White "Tolstrup, Thomas"]
[Black "Al Saad, Mofid"]
[Result "0-1"]
[WhiteElo "1948"]
[BlackElo "1515"]
[PlyCount "90"]
[EventDate "2001.??.??"]

1. c4 Nf6 2. Nf3 g6 3. d4 Bg7 4. g3 c6 5. Bg2 O-O 6. O-O d5 7. b3 Na6 8. Nbd2
Re8 9. Bb2 Nc7 10. Ne5 Ng4 11. Nxg4 Bxg4 12. h3 Bf5 13. g4 Be6 14. e4 dxe4 15.
Nxe4 f5 16. Nc5 Bc8 17. Re1 fxg4 18. hxg4 e6 19. Qe2 Qg5 20. Rad1 e5 21. Ne4
Qh4 22. f3 exd4 23. Bxd4 Bxd4+ 24. Rxd4 Ne6 25. Nd6 Rf8 26. Nxc8 Nxd4 27. Ne7+
Kg7 28. Qe3 Qf6 29. Rf1 Rae8 30. g5 Qf4 31. Re1 Qxe3+ 32. Rxe3 Kf7 33. Rd3 Ne6
34. Nxc6 bxc6 35. Rd6 Nxg5 36. Rxc6 Ne6 37. Bh3 Nf4 38. Bf1 Re1 39. Kf2 Rfe8
40. c5 R8e7 41. Bc4+ Kg7 42. b4 h5 43. Kg3 g5 44. Rc8 Rg1+ 45. Kf2 Nh3# 0-1

[Event "Aktiv-Alliancen 2001"]
[Site "Taastrup"]
[Date "2001.01.19"]
[Round "1"]
[White "Jensen, Jan Kargaard"]
[Black "Nielsen, John Holm"]
[Result "0-1"]
[WhiteElo "1502"]
[BlackElo "1947"]
[PlyCount "114"]
[EventDate "2001.??.??"]

1. e4 c5 2. Nf3 Nc6 3. Bb5 Nf6 4. Bxc6 dxc6 5. d3 Qc7 6. Bg5 e5 7. Nbd2 Be6 8.
Bh4 h6 9. Bg3 Bd6 10. Qe2 O-O-O 11. Nb3 Nd7 12. Nfd2 f5 13. f3 f4 14. Bf2 b6
15. O-O-O g5 16. Kb1 Nf6 17. Rhe1 h5 18. d4 cxd4 19. Nxd4 exd4 20. e5 Rhe8 21.
Qa6+ Kb8 22. exf6 b5 23. Rxe6 Rxe6 24. Ne4 Be5 25. f7 Rg6 26. c3 Qxf7 27. cxd4
Qb7 28. Qa3 Bd6 29. Qb3 a5 30. Qc2 Rg7 31. Rc1 g4 32. Nxd6 Rxd6 33. Qc5 Rd5 34.
Qf8+ Ka7 35. Re1 gxf3 36. gxf3 Rg2 37. Bg1 Rg7 38. Bf2 Rf7 39. Qe8 Qd7 40. Qh8
Re7 41. Re4 Qf5 42. Qh6 Rxe4 43. fxe4 Qxe4+ 44. Kc1 Kb6 45. Qh8 Qe7 46. Qb8+
Qb7 47. Qxf4 Qc7 48. Qf8 Qxh2 49. Be3 Qd6 50. Qa8 Qd8 51. Qxd8+ Rxd8 52. Kc2 h4
53. Kc3 h3 54. Bf4 Rf8 55. Be5 Rf3+ 56. Kd2 Rf2+ 57. Ke3 h2 0-1

[Event "Aktiv-Alliancen 2001"]
[Site "Taastrup"]
[Date "2001.01.19"]
[Round "1"]
[White "Nielsen, Jens Holm"]
[Black "Hau, Helge"]
[Result "1-0"]
[WhiteElo "2071"]
[BlackElo "1479"]
[PlyCount "23"]
[EventDate "2001.??.??"]

1. Nc3 f5 2. e4 d6 3. d4 Nf6 4. Bd3 e6 5. exf5 exf5 6. Qf3 g6 7. Bg5 Nc6 8.
Nge2 h6 9. Bxf6 Qxf6 10. O-O-O Nxd4 11. Nxd4 Qxd4 12. Bb5+ 1-0

[Event "Aktiv-Alliancen 2001"]
[Site "Taastrup"]
[Date "2001.01.19"]
[Round "1"]
[White "Helleberg, Jorgen"]
[Black "Auchenberg, Per"]
[Result "0-1"]
[WhiteElo "1453"]
[BlackElo "1834"]
[PlyCount "86"]
[EventDate "2001.??.??"]

1. d4 c5 2. c3 Nf6 3. Nf3 b6 4. Bf4 Bb7 5. Nbd2 g6 6. Qc2 Nc6 7. e4 cxd4 8.
Nxd4 Bg7 9. N4f3 O-O 10. Be2 d5 11. exd5 Nxd5 12. Bg3 e5 13. O-O Qe7 14. Rfe1
f6 15. Bc4 Na5 16. Bf1 Rac8 17. Qd1 Rfd8 18. Bb5 Bh6 19. Qe2 Rxc3 20. Ne4 Rcc8
21. Rad1 Nf4 22. Bxf4 Bxf4 23. g3 Bh6 24. h4 Bg7 25. Rxd8+ Rxd8 26. Kh2 Bd5 27.
b3 Nb7 28. Rd1 Be6 29. Ne1 h6 30. Nc2 f5 31. Rxd8+ Nxd8 32. Nc3 Qd6 33. Ne3 e4
34. Ncd5 Nf7 35. Nf4 Ne5 36. Nxe6 Qxe6 37. Kg2 Kh7 38. Qd1 Nf3 39. Bc4 Qe7 40.
Nd5 Qd8 41. Qe2 b5 42. Nf4 bxc4 43. Ne6 Qd3 0-1

[Event "Aktiv-Alliancen 2001"]
[Site "Taastrup"]
[Date "2001.01.19"]
[Round "1"]
[White "Karlsen, Arne"]
[Black "Nielsen, Richard Hjort"]
[Result "1-0"]
[WhiteElo "2017"]
[BlackElo "1453"]
[PlyCount "91"]
[EventDate "2001.??.??"]

1. e4 c5 2. Nf3 Nc6 3. Bb5 d6 4. O-O Bd7 5. c3 Nf6 6. Re1 g6 7. d4 cxd4 8. cxd4
Bg7 9. Nc3 a6 10. Bc4 O-O 11. e5 dxe5 12. dxe5 Ng4 13. Bf4 b5 14. Bd5 Qb6 15.
Qe2 e6 16. Be4 Rac8 17. Bxc6 Bxc6 18. h3 Nh6 19. Be3 Qb7 20. Nh4 Nf5 21. Nxf5
exf5 22. f4 b4 23. Nd1 Be4 24. Qf2 Rc2 25. Re2 Rfc8 26. Rd2 Rxd2 27. Qxd2 Rc2
28. Qd8+ Bf8 29. Bf2 Rc8 30. Qg5 h6 31. Qg3 Rc2 32. Ne3 Rxb2 33. e6 Rb1+ 34.
Rxb1 Bxb1 35. Nc4 Bxa2 36. exf7+ Kh7 37. Ne5 Bxf7 38. Bd4 Qd5 39. Bb2 Bc5+ 40.
Kh2 Qd2 41. Nxf7 Qxb2 42. Ne5 g5 43. Qd3 Bg1+ 44. Kh1 Qc1 45. Qxf5+ Kg7 46.
Qf7+ 1-0

[Event "Aktiv-Alliancen 2001"]
[Site "Taastrup"]
[Date "2001.01.19"]
[Round "1"]
[White "Carlsen, Tonny"]
[Black "Schmidt, Horst Hubert"]
[Result "0-1"]
[WhiteElo "1443"]
[BlackElo "2025"]
[PlyCount "70"]
[EventDate "2001.??.??"]

1. d4 Nf6 2. c4 e6 3. Nc3 Bb4 4. Qc2 O-O 5. Nf3 h6 6. Bd2 c5 7. a3 cxd4 8. Nxd4
Bc5 9. e3 Nc6 10. Nxc6 bxc6 11. Be2 d5 12. Na4 Bd6 13. c5 Bc7 14. f3 d4 15. e4
e5 16. b4 Nh5 17. O-O-O f5 18. Bd3 a5 19. b5 cxb5 20. Bxb5 fxe4 21. Qxe4 Bf5
22. Bc4+ Kh8 23. Qd5 Qe8 24. c6 Nf6 25. Qc5 Rb8 26. Nb2 Rb6 27. Bb5 Rb8 28. a4
Qf7 29. Nc4 Rfd8 30. Nxe5 Qa2 31. Nf7+ Qxf7 32. Qxf5 Rd5 33. Bc4 Rxf5 34. Bxf7
Rc5+ 35. Bc4 Rxc4+ 0-1

[Event "Aktiv-Alliancen 2001"]
[Site "Taastrup"]
[Date "2001.01.19"]
[Round "1"]
[White "Nielsen, Michael"]
[Black "Madsen, Ole Bang"]
[Result "1-0"]
[WhiteElo "1739"]
[BlackElo "1413"]
[PlyCount "55"]
[EventDate "2001.??.??"]

1. e4 e5 2. Nf3 Nc6 3. d4 exd4 4. Bc4 Bc5 5. c3 Na5 6. Qd3 Nxc4 7. Qxc4 d6 8.
cxd4 Bb6 9. O-O Ne7 10. Nc3 Be6 11. Qd3 O-O 12. Nh4 f5 13. Bg5 g6 14. Rfe1 f4
15. d5 Bd7 16. e5 Bf5 17. Qe2 dxe5 18. Qxe5 Nc6 19. Qxf5 Rxf5 20. Bxd8 Rh5 21.
dxc6 Rxd8 22. Rad1 Rf8 23. Nf3 bxc6 24. Rd7 Rhf5 25. Ree7 R8f7 26. Rxf7 Rxf7
27. Rxf7 Kxf7 28. Ne5+ 1-0

[Event "Aktiv-Alliancen 2001"]
[Site "Taastrup"]
[Date "2001.01.19"]
[Round "1"]
[White "Foslund, Kasper"]
[Black "Zyde, Fadmal"]
[Result "0-1"]
[WhiteElo "1381"]
[BlackElo "1700"]
[PlyCount "140"]
[EventDate "2001.??.??"]

1. e4 e5 2. Nf3 Nc6 3. Bc4 Be7 4. Nc3 d6 5. Nd5 Nf6 6. Nxf6+ Bxf6 7. h3 Qe7 8.
d3 Bd7 9. Be3 g5 10. Nd2 h5 11. g3 O-O-O 12. Qe2 Nb4 13. O-O-O Kb8 14. c3 Nc6
15. Nb3 Be6 16. Bd5 Qd7 17. d4 exd4 18. Bxc6 Qxc6 19. Bxd4 Bxb3 20. axb3 Bxd4
21. Rxd4 Rde8 22. Qd3 f5 23. Re1 h4 24. Rc4 Qb6 25. Rd4 Qxb3 26. Re3 Qf7 27.
exf5 Rxe3 28. Qxe3 hxg3 29. Qxg3 Qxf5 30. Rg4 Re8 31. Rxg5 Qe4 32. Qe3 b6 33.
Qxe4 Rxe4 34. Rg4 Re7 35. h4 Kc8 36. Kd2 Kd7 37. h5 Ke8 38. f4 Kf8 39. Kd3 Kf7
40. Kd4 Kf6 41. h6 c6 42. f5 Kxf5 43. Rg7 Re4+ 44. Kd3 Rh4 45. h7 a5 46. Rb7 b5
47. Rb6 Rxh7 48. Rxc6 Ke6 49. Ra6 a4 50. Rb6 Rh5 51. Ra6 Kd5 52. Rb6 Kc5 53.
Rb8 Rh2 54. Rc8+ Kd5 55. c4+ bxc4+ 56. Kc3 Rh3+ 57. Kc2 a3 58. bxa3 Rxa3 59.
Re8 Kd4 60. Rh8 Re3 61. Rh4+ Re4 62. Rh3 d5 63. Rg3 Rf4 64. Kd2 Rf2+ 65. Ke1
Ra2 66. Kd1 c3 67. Kc1 Kc4 68. Rg4+ d4 69. Rh4 Re2 70. Rg4 Kd3 0-1

[Event "Aktiv-Alliancen 2001"]
[Site "Taastrup"]
[Date "2001.01.19"]
[Round "1"]
[White "Pedersen, Bent O"]
[Black "Jensen, Dan Bronnum"]
[Result "1-0"]
[WhiteElo "1696"]
[BlackElo "1364"]
[PlyCount "90"]
[EventDate "2001.??.??"]

1. e4 e5 2. Nf3 Nc6 3. Bb5 a6 4. Ba4 d6 5. d4 exd4 6. Nxd4 Bd7 7. Bxc6 bxc6 8.
O-O Nf6 9. Nc3 Be7 10. Re1 O-O 11. Bf4 c5 12. Nf3 Rb8 13. Rb1 Bg4 14. h3 Bh5
15. Qd3 Bxf3 16. Qxf3 Rb6 17. b3 Qa8 18. Rbd1 Nd7 19. Nd5 Bd8 20. Nxb6 Nxb6 21.
Qg3 Kh8 22. e5 dxe5 23. Bxe5 f6 24. Bxc7 Bxc7 25. Qxc7 Nd5 26. Qxc5 Nf4 27. f3
Rc8 28. Qe3 Ng6 29. c4 h6 30. Qe4 Qa7+ 31. Qd4 Qb8 32. Re6 Qg3 33. Qf2 Qg5 34.
Rde1 Kh7 35. Rxa6 Nf4 36. Qc2+ Kh8 37. Kh2 Nh5 38. Rae6 Rg8 39. c5 Qf4+ 40. Kg1
Qd4+ 41. Qf2 Qc3 42. R6e4 g5 43. Rc4 Qa5 44. Re7 Qd8 45. Qe1 Qa5 1-0

[Event "Aktiv-Alliancen 2001"]
[Site "Taastrup"]
[Date "2001.01.19"]
[Round "1"]
[White "Nikolaisen, Oluf"]
[Black "Sandbech, Ted"]
[Result "0-1"]
[WhiteElo "1311"]
[BlackElo "1691"]
[PlyCount "39"]
[EventDate "2001.??.??"]

1. e4 e5 2. Nf3 Nc6 3. Nc3 Be7 4. Nd5 Nf6 5. d3 O-O 6. h3 d6 7. c4 Nxd5 8. cxd5
Nb8 9. Be2 f5 10. Qb3 fxe4 11. dxe4 Nd7 12. Be3 Kh8 13. O-O Nf6 14. Nh2 Qe8 15.
f3 Nh5 16. Bf2 Nf4 17. Qc2 Qg6 18. Ng4 h5 19. Qxc7 Nxe2+ 20. Kh2 0-1

[Event "Aktiv-Alliancen 2001"]
[Site "Taastrup"]
[Date "2001.01.19"]
[Round "1"]
[White "Moller, Arne Vagn"]
[Black "Jacobsen, Jesper Howalt"]
[Result "1-0"]
[WhiteElo "2026"]
[BlackElo "1304"]
[PlyCount "57"]
[EventDate "2001.??.??"]

1. e4 e5 2. Nf3 d6 3. d4 f6 4. d5 Ne7 5. c4 c6 6. Nc3 cxd5 7. cxd5 a6 8. Be2
Ng6 9. O-O Be7 10. Ne1 O-O 11. Nd3 f5 12. a4 fxe4 13. Nxe4 Nd7 14. Be3 Nf6 15.
Nxf6+ Rxf6 16. a5 Rf8 17. Bb6 Qd7 18. Rc1 Bd8 19. Qb3 Bxb6 20. Qxb6 Qd8 21. Rc7
Rf7 22. Rfc1 Rb8 23. Nb4 Bf5 24. g3 Rxc7 25. Rxc7 Bh3 26. Rxb7 Qxb6 27. Rxb6
Rxb6 28. axb6 Bc8 29. Bxa6 1-0

[Event "Aktiv-Alliancen 2001"]
[Site "Taastrup"]
[Date "2001.01.19"]
[Round "1"]
[White "Holtzmann, Sonny"]
[Black "Bekker Jensen, Dorte"]
[Result "1-0"]
[WhiteElo "1665"]
[BlackElo "1217"]
[PlyCount "91"]
[EventDate "2001.??.??"]

1. Nf3 d5 2. c4 Nf6 3. g3 g6 4. b3 Bg7 5. Bb2 O-O 6. Bg2 c6 7. O-O Qb6 8. Qc2
Bf5 9. d3 Nbd7 10. Nbd2 Nc5 11. Rac1 Rac8 12. cxd5 cxd5 13. Bd4 Nfd7 14. Bxg7
Kxg7 15. Qc3+ Nf6 16. Qd4 Ncd7 17. e4 Be6 18. Qb2 Kg8 19. e5 Nh5 20. d4 Bg4 21.
Rc3 Bxf3 22. Nxf3 Qb5 23. Rfc1 Nb6 24. Qd2 Ng7 25. Bh3 e6 26. Qh6 Qe2 27. Ng5
Qh5 28. Qxh5 Nxh5 29. a4 Rxc3 30. Rxc3 Rc8 31. Rxc8+ Nxc8 32. a5 Ne7 33. g4 Nf4
34. Bf1 Nc6 35. a6 b6 36. Nf3 Na5 37. b4 Nb3 38. h4 Kg7 39. Kh2 f6 40. Kg3 fxe5
41. dxe5 g5 42. hxg5 Ng6 43. Bd3 Na5 44. bxa5 bxa5 45. Bxg6 hxg6 46. Nd4 1-0

[Event "Aktiv-Alliancen 2001"]
[Site "Taastrup"]
[Date "2001.01.19"]
[Round "1"]
[White "Rosenkilde, Alexander"]
[Black "Madhy, Nezar"]
[Result "1-0"]
[WhiteElo "1195"]
[BlackElo "1650"]
[PlyCount "111"]
[EventDate "2001.??.??"]

1. e4 c5 2. d4 cxd4 3. c3 dxc3 4. Nxc3 e6 5. Bc4 Bc5 6. Nf3 Nc6 7. O-O a6 8.
Qe2 b5 9. Bb3 Nge7 10. Rd1 O-O 11. Bf4 Qb6 12. Rd2 Na5 13. Rad1 Nxb3 14. axb3
f6 15. Na2 e5 16. Bg3 Nc6 17. Nc3 Ne7 18. Na2 b4 19. Nc1 a5 20. Nd3 Ba6 21. Qe1
Bxd3 22. Rxd3 d6 23. Nd2 Bd4 24. Nc4 Qd8 25. Kh1 Ra6 26. f3 f5 27. R3d2 fxe4
28. fxe4 Qc8 29. Rc1 Qe6 30. Bf2 Nc6 31. Bg1 Bxg1 32. Kxg1 Nd4 33. Rd3 Qg4 34.
Kh1 Rf4 35. Rg3 Qh5 36. Rh3 Qg6 37. Re3 Ra8 38. Nb6 Raf8 39. Qg1 Rxe4 40. Nd7
Rd8 41. Rxe4 Qxe4 42. Qf2 Qb7 43. Nf6+ gxf6 44. Qxf6 Rd7 45. Rf1 Qa8 46. h3 Qe8
47. Re1 Qg6 48. Qh4 Nf5 49. Qc4+ d5 50. Qc8+ Kg7 51. Qxd7+ Kh6 52. Qxd5 Ng3+
53. Kh2 e4 54. Qd2+ Kh5 55. Qf4 Nf5 56. g4+ 1-0

[Event "Aktiv-Alliancen 2001"]
[Site "Taastrup"]
[Date "2001.01.20"]
[Round "2"]
[White "Schmidt, Horst Hubert"]
[Black "Lund, Silas"]
[Result "0-1"]
[WhiteElo "2025"]
[BlackElo "2261"]
[PlyCount "58"]
[EventDate "2001.??.??"]

1. d4 d5 2. Nf3 e6 3. e3 c5 4. Bb5+ Nc6 5. O-O Nf6 6. c4 Bd6 7. Nc3 O-O 8. a3
a6 9. cxd5 exd5 10. Be2 Re8 11. dxc5 Bxc5 12. b4 Ba7 13. b5 axb5 14. Nxb5 Bb8
15. Bb2 Ne4 16. Nbd4 Qd6 17. Nb5 Qd8 18. Rc1 Re6 19. Bd3 Ra5 20. Qc2 Rh6 21.
Nbd4 Rc5 22. Qb1 Nxd4 23. Bxd4 Nd2 24. Bxh7+ Rxh7 25. Qxh7+ Kxh7 26. Nxd2 Qc7
27. Be5 Qxe5 28. Nf3 Rxc1 29. Rxc1 Qb2 0-1

[Event "Aktiv-Alliancen 2001"]
[Site "Taastrup"]
[Date "2001.01.20"]
[Round "2"]
[White "Zyde, Fadmal"]
[Black "Nielsen, Borge Hjerrild"]
[Result "1/2-1/2"]
[WhiteElo "1700"]
[BlackElo "2125"]
[PlyCount "77"]
[EventDate "2001.??.??"]

1. e4 c6 2. Nf3 d5 3. exd5 cxd5 4. d4 Bg4 5. Be2 e6 6. Ne5 Bxe2 7. Qxe2 Nd7 8.
Qb5 Qc7 9. Nxd7 Qxd7 10. Qxd7+ Kxd7 11. Nd2 Bd6 12. Nf3 Ne7 13. Ng5 f6 14. Nf7
Rhc8 15. Nxd6 Kxd6 16. c3 b5 17. Bf4+ e5 18. dxe5+ fxe5 19. Bd2 Rab8 20. a3 a5
21. O-O a4 22. f4 e4 23. f5 Kd7 24. f6 gxf6 25. Rxf6 Rf8 26. Raf1 Ng6 27. Rf7+
Rxf7 28. Rxf7+ Ke6 29. Rxh7 Ne5 30. Rh6+ Kf5 31. Rh5+ Kf6 32. Bf4 Re8 33. Bxe5+
Rxe5 34. Rxe5 Kxe5 35. Kf2 Kf4 36. g3+ Kg4 37. Ke3 Kf5 38. h3 Kf6 39. Kf4
1/2-1/2

[Event "Aktiv-Alliancen 2001"]
[Site "Taastrup"]
[Date "2001.01.20"]
[Round "2"]
[White "Pallesen, Jacob"]
[Black "Nielsen, Michael"]
[Result "1-0"]
[WhiteElo "2108"]
[BlackElo "1739"]
[PlyCount "91"]
[EventDate "2001.??.??"]

1. d4 Nf6 2. Nf3 g6 3. c4 c5 4. e3 Bg7 5. Nc3 O-O 6. Bd3 d6 7. O-O Nbd7 8. b3
b6 9. Bb2 Bb7 10. d5 Ng4 11. Bc2 b5 12. Nd2 b4 13. Na4 Ngf6 14. f4 Nb6 15. Nxb6
axb6 16. Qc1 e6 17. dxe6 fxe6 18. e4 d5 19. cxd5 exd5 20. exd5 Nxd5 21. Bxg7
Kxg7 22. Nc4 Nc3 23. Qe3 Re8 24. Ne5 Qd5 25. Rf2 g5 26. Rd2 gxf4 27. Qxf4 Rxe5
28. Rxd5 Ne2+ 29. Kf2 Nxf4 30. Rxe5 Bxg2 31. Rf5 Rf8 32. Rxf8 Kxf8 33. Kg3 Nd5
34. Bxh7 Nf6 35. Kxg2 Nxh7 36. Rd1 Ke7 37. Kg3 Nf6 38. Kf4 Ke6 39. h4 b5 40.
Rc1 Nd5+ 41. Kg5 Nc3 42. Rc2 c4 43. Kg6 Ke7 44. h5 Nb1 45. bxc4 Na3 46. Re2+
1-0

[Event "Aktiv-Alliancen 2001"]
[Site "Taastrup"]
[Date "2001.01.20"]
[Round "2"]
[White "Nielsen, John Holm"]
[Black "Pedersen, Bent O"]
[Result "1-0"]
[WhiteElo "1947"]
[BlackElo "1696"]
[PlyCount "125"]
[EventDate "2001.??.??"]

1. Nc3 c5 2. Nf3 Nc6 3. d4 cxd4 4. Nxd4 g6 5. Bg5 Bg7 6. Ndb5 Nf6 7. Bxf6 Bxf6
8. Nd5 Be5 9. f4 Bb8 10. Qd2 e6 11. Ndc3 d5 12. O-O-O a6 13. Nd4 Qf6 14. g3
Nxd4 15. Qxd4 Qxd4 16. Rxd4 Ba7 17. Rd3 Bd7 18. Bg2 f5 19. e3 Kf7 20. e4 d4 21.
e5 Bc6 22. Bxc6 bxc6 23. Ne2 c5 24. b3 Rhd8 25. Rhd1 Ke7 26. c3 Rac8 27. Kb2 c4
28. bxc4 Rxc4 29. Nxd4 Bb6 30. Ne2 Rxd3 31. Rxd3 Re4 32. Nd4 Bxd4 33. Rxd4 Re2+
34. Kb3 Rxh2 35. c4 Rg2 36. Rd3 Rg1 37. Kb4 Rb1+ 38. Kc5 Rc1 39. Rd4 Rc3 40.
Kc6 h5 41. c5 Rxg3 42. Kb7 Rg2 43. a3 a5 44. c6 Rb2+ 45. Kc7 Rc2 46. Rd7+ Ke8
47. Kd6 Rd2+ 48. Kxe6 Rc2 49. Re7+ Kd8 50. c7+ Rxc7 51. Rxc7 Kxc7 52. Kf7 h4
53. e6 h3 54. e7 h2 55. e8=Q h1=Q 56. Qe5+ Kb6 57. Kxg6 Qg2+ 58. Kf6 a4 59.
Qd6+ Qc6 60. Qxc6+ Kxc6 61. Kxf5 Kd7 62. Kf6 Ke8 63. Kg7 1-0

[Event "Aktiv-Alliancen 2001"]
[Site "Taastrup"]
[Date "2001.01.20"]
[Round "2"]
[White "Sandbech, Ted"]
[Black "Nielsen, Jens Holm"]
[Result "1/2-1/2"]
[WhiteElo "1691"]
[BlackElo "2071"]
[PlyCount "76"]
[EventDate "2001.??.??"]

1. Nf3 d5 2. d4 c6 3. c4 Nf6 4. Nc3 g6 5. Bg5 Bg7 6. e3 O-O 7. cxd5 cxd5 8. Be2
a6 9. O-O b5 10. a3 Nbd7 11. Rc1 Bb7 12. Qb3 Qb6 13. Ne5 e6 14. Nxd7 Nxd7 15.
Rc2 Rac8 16. Rfc1 Rc6 17. Na2 Rfc8 18. Nb4 Rxc2 19. Rxc2 Rxc2 20. Qxc2 e5 21.
dxe5 a5 22. Nd3 Nxe5 23. Nxe5 Bxe5 24. Bf3 Qc6 25. Qxc6 Bxc6 26. b3 f6 27. Bf4
Bxf4 28. exf4 Kf7 29. Kf1 Ke6 30. Ke2 Kd6 31. Kd3 Kc5 32. g3 b4 33. a4 Bb7 34.
Bd1 Ba6+ 35. Kd2 Kd4 36. h4 Bd3 37. h5 gxh5 38. Bxh5 Ba6 1/2-1/2

[Event "Aktiv-Alliancen 2001"]
[Site "Taastrup"]
[Date "2001.01.20"]
[Round "2"]
[White "Simonsen, Per"]
[Black "Moller, Arne Vagn"]
[Result "0-1"]
[WhiteElo "1852"]
[BlackElo "2026"]
[PlyCount "84"]
[EventDate "2001.??.??"]

1. d4 Nf6 2. c4 e6 3. Nc3 Bb4 4. Bg5 h6 5. Bh4 d5 6. e3 O-O 7. Nf3 Be7 8. Qc2
c6 9. O-O-O dxc4 10. Bxc4 b5 11. Bd3 a5 12. Ne5 Qb6 13. g4 g5 14. Bg3 Bb7 15.
h4 Na6 16. hxg5 hxg5 17. Ne4 Nb4 18. Nxf6+ Bxf6 19. Nd7 Nxc2 20. Nxb6 Nb4 21.
Nxa8 Nxd3+ 22. Rxd3 c5 23. Rg1 c4 24. Ra3 Rxa8 25. Bc7 a4 26. Bd6 Rd8 27. Bc5
Bd5 28. f3 e5 29. e4 exd4 30. exd5 Rxd5 31. Bb4 Re5 32. Re1 Rd5 33. Re4 Kg7 34.
Kd2 c3+ 35. Kd3 cxb2 36. Kc2 d3+ 37. Kb1 d2 38. Bxd2 Rxd2 39. Re1 Rf2 40. Rc3
Bxc3 41. Re3 Rf1+ 42. Kc2 b1=Q+ 0-1

[Event "Aktiv-Alliancen 2001"]
[Site "Taastrup"]
[Date "2001.01.20"]
[Round "2"]
[White "Petersen, Nils"]
[Black "Holtzmann, Sonny"]
[Result "1-0"]
[WhiteElo "2039"]
[BlackElo "1665"]
[PlyCount "65"]
[EventDate "2001.??.??"]

1. c4 Nf6 2. Nc3 d5 3. e3 g6 4. Nf3 Bg7 5. d4 O-O 6. Be2 c5 7. O-O dxc4 8. dxc5
Qc7 9. Bxc4 Qxc5 10. Qe2 Bg4 11. Bb3 Qh5 12. h3 Bxf3 13. Qxf3 Qxf3 14. gxf3 Nc6
15. f4 Rfd8 16. e4 Nd4 17. Be3 Nf3+ 18. Kg2 Nd2 19. Rfe1 Nfxe4 20. Bxd2 Nxd2
21. Rxe7 Nxb3 22. axb3 Rd2 23. Rxb7 Rxb2 24. Rc1 Rc8 25. Ne2 Rcc2 26. Rxc2 Rxc2
27. Kf3 Rb2 28. Rb8+ Bf8 29. f5 Kg7 30. f6+ Kg8 31. Nd4 a5 32. Nc6 Rd2 33. Ne7+
1-0

[Event "Aktiv-Alliancen 2001"]
[Site "Taastrup"]
[Date "2001.01.20"]
[Round "2"]
[White "Auchenberg, Per"]
[Black "Lauritsen, Martin Lee"]
[Result "1-0"]
[WhiteElo "1834"]
[BlackElo "1166"]
[PlyCount "73"]
[EventDate "2001.??.??"]

1. f4 d5 2. b3 c5 3. Nf3 Nc6 4. e3 Nf6 5. Bb5 a6 6. Bxc6+ bxc6 7. Bb2 Bg4 8.
O-O e6 9. Qe1 Be7 10. Ne5 Qb6 11. Nxg4 Nxg4 12. Bxg7 Rg8 13. Bb2 d4 14. Na3 Rb8
15. Nc4 Qd8 16. Qe2 dxe3 17. dxe3 h5 18. Rad1 Qc7 19. Be5 Nxe5 20. fxe5 Rd8 21.
Qxh5 Rf8 22. Rxd8+ Qxd8 23. Rd1 Qc7 24. Qh7 Qb8 25. Qg7 Qc7 26. g3 Qb8 27. h4
Qc7 28. h5 f6 29. Qg6+ Rf7 30. Qg8+ Rf8 31. Qxe6 Rf7 32. Nd6+ Qxd6 33. exd6 Kf8
34. dxe7+ Rxe7 35. Rd8+ Kg7 36. Qg8+ Kh6 37. Qg6# 1-0

[Event "Aktiv-Alliancen 2001"]
[Site "Taastrup"]
[Date "2001.01.20"]
[Round "2"]
[White "Al Saad, Mofid"]
[Black "Karlsen, Arne"]
[Result "1-0"]
[WhiteElo "1515"]
[BlackElo "2017"]
[PlyCount "85"]
[EventDate "2001.??.??"]

1. c4 e5 2. Nc3 Nf6 3. Nf3 Nc6 4. e3 d5 5. d4 exd4 6. exd4 Be7 7. Bg5 Be6 8.
Qb3 Na5 9. Qa4+ c6 10. Bxf6 Bxf6 11. Nxd5 Bxd5 12. cxd5 Qxd5 13. Be2 O-O 14.
O-O b6 15. Rfd1 Rfe8 16. Bd3 Nb7 17. Rac1 b5 18. Qc2 Nd8 19. Bxh7+ Kh8 20. Bf5
g6 21. Bxg6 fxg6 22. Qxg6 Qf7 23. Qh6+ Kg8 24. Rc3 Bg7 25. Qh3 Ne6 26. Ne5 Bxe5
27. dxe5 Rad8 28. Re1 Ng7 29. f4 Qxf4 30. Rxc6 Rf8 31. Qb3+ Rf7 32. Rf6 Qd4+
33. Kh1 Qd5 34. Qg3 Re8 35. Ref1 Rxe5 36. Rxf7 Rg5 37. Qh3 Rh5 38. Qc8+ Kh7 39.
Rxg7+ Kxg7 40. Qf8+ Kg6 41. Rf6+ Kg5 42. Qg7+ Kh4 43. Qg3# 1-0

[Event "Aktiv-Alliancen 2001"]
[Site "Taastrup"]
[Date "2001.01.20"]
[Round "2"]
[White "Leopold, Claus Ulrich"]
[Black "Theander, Stig"]
[Result "0-1"]
[WhiteElo "1296"]
[BlackElo "1564"]
[PlyCount "44"]
[EventDate "2001.??.??"]

1. d4 Nf6 2. c4 c5 3. e3 cxd4 4. exd4 d5 5. Nf3 Nc6 6. h3 Bf5 7. a3 Qd7 8. Nc3
Rd8 9. c5 g6 10. b4 Ne4 11. Bb2 Bg7 12. Ne2 O-O 13. Qb3 Rfe8 14. g4 Be6 15. Nf4
Qc7 16. Nxe6 fxe6 17. Qe3 Rf8 18. Bg2 e5 19. O-O exd4 20. Nxd4 Nxd4 21. Bxe4
dxe4 22. Bxd4 Rxd4 0-1

[Event "Aktiv-Alliancen 2001"]
[Site "Taastrup"]
[Date "2001.01.20"]
[Round "2"]
[White "Nilsson, Nils Specht"]
[Black "Tolstrup, Thomas"]
[Result "1-0"]
[WhiteElo "2214"]
[BlackElo "1948"]
[PlyCount "85"]
[EventDate "2001.??.??"]

1. e4 e6 2. Nf3 c5 3. d4 cxd4 4. Nxd4 a6 5. Be3 Nf6 6. Nd2 Qc7 7. f4 d6 8. Bd3
Be7 9. O-O Nc6 10. Nxc6 bxc6 11. c4 e5 12. Kh1 O-O 13. Rc1 Ng4 14. Bg1 exf4 15.
Rxf4 Bg5 16. Rf1 Rb8 17. Rc2 Ne3 18. Bxe3 Bxe3 19. b3 Qe7 20. Nf3 Bg4 21. Qe1
Bb6 22. Qg3 Bxf3 23. gxf3 Bc7 24. Rg2 g6 25. f4 Rbe8 26. Qh3 Bd8 27. Rg4 f6 28.
Rfg1 Rf7 29. e5 f5 30. Bxf5 Rg7 31. Bxg6 hxg6 32. Rxg6 dxe5 33. Rxg7+ Qxg7 34.
Rxg7+ Kxg7 35. Qd7+ Kf8 36. fxe5 Bg5 37. e6 Re7 38. Qxc6 Kg7 39. Qxa6 Kf6 40.
Kg2 Rxe6 41. Qa8 Re2+ 42. Kg3 Re3+ 43. Kg4 1-0